New Order: Albums by Cover - Statistics

General Stats
  • This quiz has been taken 20 times
  • The average score is 6 of 10
Answer Stats
Picture Hint Answer % Correct
1983 Power, Corruption & Lies
94%
1986 Brotherhood
89%
1985 Low-Life
89%
1981 Movement
78%
1989 Technique
78%
1993 Republic
67%
2001 Get Ready
44%
2005 Waiting for the Sirens' Call
39%
2013 Lost Sirens
28%
2015 Music Complete
28%
No matching quizzes found
Score Distribution
Percent of People with Each Score
Percentile by Number Answered
Your Score History
You have not taken this quiz